00000000nam 2200000zi 4500
0019.946340
003CaOODSP
00520250115140041
006m     o  d f      
007cr mn|||||||||
008241219e202412  onca    ob   f000 0 fre d
020 |a9780660750200
040 |aCaOODSP|bfre|erda|cCaOODSP
043 |an-cn---
0861 |aHR4-122/2025F-PDF
24503|aLe droit au logement des personnes en situation de handicap : |bcadre de surveillance / |cLa Commission canadienne des droits de la personne et le Bureau du défenseur fédéral du logement.
264 1|a[Ottawa] : |bCommission canadienne des droits de la personne = Canadian Human Rights Commission, |cdécembre 2024.
264 4|c©2024
300 |a1 ressource en ligne (59 pages) : |billustrations
336 |atexte|btxt|2rdacontent/fre
337 |ainformatique|bc|2rdamedia/fre
338 |aressource en ligne|bcr|2rdacarrier/fre
500 |aTitre de la couverture.
500 |a« Droits de la personne. »
500 |aPublié aussi en anglais sous le titre : The right to housing for people with disabilities: monitoring framework.
504 |aComprend des références bibliographiques.
520 |a« L’accès à un logement adéquat est un droit de la personne. Il ne s’agit pas seulement d’avoir un endroit où vivre. Il s’agit de disposer d’un logement sûr et sécurisé. Cela signifie pouvoir vivre dans la paix et la dignité. Pour les personnes en situation de handicap, cela signifie également qu’elles peuvent choisir leur lieu de vie. Il s’agit de disposer d’un logement accessible. Cela signifie également avoir accès à du soutien pour pouvoir vivre de manière indépendante » -- Page 1.
650 6|aPersonnes handicapées|xLogement|zCanada.
650 6|aPersonnes handicapées|zCanada|xConditions sociales.
650 6|aPersonnes handicapées|zCanada|xConditions économiques.
650 6|aLogement|zCanada.
650 6|aDroits de l'homme (Droit international)|xPolitique gouvernementale|zCanada.
7102 |aCommission canadienne des droits de la personne, |eorganisme de publication.
77508|tThe right to housing for people with disabilities : |w(CaOODSP)9.946339
795 |tLe droit au logement des personnes en situation de handicap : |w(CaOODSP)9.936022
85640|qPDF|s1.06 Mo|uhttps://publications.gc.ca/collections/collection_2025/ccdp-chrc/HR4-122-2025-fra.pdf
8564 |qHTML|sS.O.|uhttps://www.ccdp-chrc.gc.ca/ressources/publications/surveillance-du-droit-au-logement-des-personnes-en-situation-de-handicap